000 00357nam a2200145Ia 4500
008 230917s9999||||xx |||||||||||||| ||und||
040 _e86938
_aMAIN
041 _aEnglish
082 _a363.7 S16A
100 _aSubramaniam, V
245 0 _aText book in environmental science
260 _aNew Delhi
_bNarosa
_c2002
300 _avi, 238 p.
942 _cBK
999 _c114500
_d114500